Ergebnisse der letzten Länderspiele Deutschlands - Statistiken

Allgemein
  • Dieses Quiz wurde 67 mal gespielt
    21 seit der letzten Aktualisierung
  • Das Durchschnittsergebnis liegt bei 15 aus 15
Antwortstatistiken
Hint Antwort % Korrekt
16.06.2023 gegen Polen 1:0
100%
14.10.2023 gegen USA 1:3
100%
25.03.2023 gegen Peru 2:0
100%
21.11.2023 gegen Österreich 2:0
100%
12.09.2023 gegen Frankreich 2:1
100%
26.03.2024 gegen Niederlande 2:1
100%
07.06.2024 gegen Griechenland 2:1
100%
18.10.2023 gegen Mexiko 2:2
100%
28.03.2023 gegen Belgien 2:3
100%
18.11.2023 gegen Türkei 2:3
100%
12.06.2023 gegen Ukraine 3:3
100%
20.06.2023 gegen Kolumbien 0:2
95%
23.03.2024 gegen Frankreich 0:2
95%
09.09.2023 gegen Japan 1:4
95%
03.06.2024 gegen Ukraine 0:0
89%
Keine übereinstimmenden Quizze gefunden
Verteilung der Resultate
Anzahl Personen mit jedem Resultat
Perzentil nach korrekt beantworteten Fragen
Ihre Resultats-Entwicklung
Sie haben dieses Quiz seit der letzten Aktualisierung nicht gespielt